Hoá sinh học /
Sách cung cấp cho bạn đọc những kiến thức cho việc nghiên cứu, tìm hiểu những vấn đề có liên quan đến bản chất hoá học của quá trình sống.
Na minha lista:
| Autor principal: | |
|---|---|
| Outros Autores: | |
| Formato: | Livro |
| Idioma: | Vietnamese |
| Publicado em: |
Hà Nội :
Giáo dục,
1999.
|
| Assuntos: | |
| Tags: |
Adicionar Tag
Sem tags, seja o primeiro a adicionar uma tag!
|
| Thư viện lưu trữ: | Mạng thư viện Đại học Đà Nẵng |
|---|
| LEADER | 01088cam a2200361 i 4500 | ||
|---|---|---|---|
| 001 | 000046727 | ||
| 003 | 6232 | ||
| 005 | 20030916162542.0 | ||
| 008 | 010306b1999 vm 000 vie | ||
| 020 | |c 22400 | ||
| 022 | |a T | ||
| 040 | |a IRC |c IRC |d IRC | ||
| 041 | 0 | |a vie | |
| 082 | 1 | 4 | |a 574.192 |b PH-C |
| 100 | 1 | |a Phạm Thị Trân Châu. | |
| 245 | 0 | 0 | |a Hoá sinh học / |c Phạm Thị Trân Châu (Chủ biên), Trần Thị Áng. |
| 260 | |a Hà Nội : |b Giáo dục, |c 1999. | ||
| 300 | |a 252tr. ; |c 27cm. | ||
| 520 | 3 | |a Sách cung cấp cho bạn đọc những kiến thức cho việc nghiên cứu, tìm hiểu những vấn đề có liên quan đến bản chất hoá học của quá trình sống. | |
| 630 | 0 | 4 | |a Sinh vật học. |
| 630 | 0 | 4 | |a Hoá sinh học. |
| 650 | 0 | 4 | |a Hoá sinh học. |
| 700 | 1 | |a Trần Thị Áng. | |
| OWN | |a DUT | ||
| 999 | |a From the UDN01 | ||
| TYP | |a Monograph | ||
| TYP | |a Printed language | ||
| 980 | |a Mạng thư viện Đại học Đà Nẵng | ||